Представление документа в формате MARC21

Поле Инд. ПП Название Значение
Тип записи a
Библиографический уровень m
001 Контрольный номер 13a4643d-29fb-4570-942d-c0a7bac8e436
005 Дата корректировки 20111130164853.6
008 Кодируемые данные 960430 d
020 a ISBN 5-09-004867-3
c Цена, тираж 600.00
080 a Индекс УДК 94/99"1918/1945"(075.8)
084 a Индекс другой классификации/Индекс ББК Т3(0)6я731-1
090 c Каталожный индекс Т3(0)6я731-1
x Авторский знак М63
a Полочн. индекс Т3(0)6
245 00 a Заглавие Мир в первой половине ХХ века, 1918-1945
b Продолж. заглавия Материалы к курсу "Новейшая история"
c Ответственность [О.С. Сороко-Цюпа и др.]; Под ред. О.С. Сороко-Цюпы
260 0_ a Место издания Москва
b Издательство Просвещение
c Дата издания 1994
300 a Объем 125,[2] с.
500 a Примечание Продолж. кн.: Мир в начале ХХ века, 1898-1918
650 a Основная рубрика Новейшая история
x Основная подрубрика Учебники для вузов
653 a Ключевые слова Новейшая история
a Ключевые слова Учебники
852 t Порядковый номер экземпляра 1
p Инвентарный номер 659067
852 t Порядковый номер экземпляра 1
p Инвентарный номер 659068
930 a Новая/Ретро Учебники
954 a Дата поступления на обработку 26.04.95
999 a Подразделение 2 ч.з.
a Подразделение 2 кх.